Công nghệ sản xuất gốm sứ

Gespeichert in:
Bibliographische Detailangaben
1. Verfasser: Nguyễn, Văn Dũng
Format: Buch
Sprache:Vietnamese
Veröffentlicht: Khoa học và kỹ thuật 2009
Tags: Tag hinzufügen
Keine Tags, Fügen Sie den ersten Tag hinzu!
Thư viện lưu trữ: Mạng thư viện Đại học Đà Nẵng
LEADER 00643nam a2200253 4500
001 000021991
003 18439
005 20150424100415.0
008 150424s2009 viesd
020 |c 72000 
041 0 |a vie 
082 1 4 |a 666  |b NG-D 
100 1 |a Nguyễn, Văn Dũng 
245 1 0 |a Công nghệ sản xuất gốm sứ  |c Nguyễn, Văn Dũng 
260 |b Khoa học và kỹ thuật  |c 2009 
300 |a tr.  |c cm. 
OWN |a LSP 
999 |a From the UDN01 
TYP |a Monograph 
TYP |a Printed language 
980 |a Mạng thư viện Đại học Đà Nẵng